书目信息 |
| 题名: |
实用照明设计
|
|
| 作者: | 谢秀颖 , 孙晓红 , 王克河 编著 | |
| 分册: | ||
| 出版信息: | 北京 机械工业出版社 2011.01 |
|
| 页数: | 420页 | |
| 开本: | 26cm | |
| 丛书名: | ||
| 单 册: | ||
| 中图分类: | TU113.6 | |
| 科图分类: | ||
| 主题词: | 建筑--jian zhu--照明设计 | |
| 电子资源: | ||
| ISBN: | 978-7-111-31762-3 | |
| 000 | 00937nam0 2200289 450 | |
| 001 | B20110010663 | |
| 005 | 20110723090202.95 | |
| 010 | @a978-7-111-31762-3@dCNY77.80 | |
| 100 | @a20110211d2011 em y0chiy50 ea | |
| 101 | 0 | @achi |
| 102 | @aCN@b110000 | |
| 105 | @aak a 000yy | |
| 106 | @ar | |
| 200 | 1 | @a实用照明设计@Ashi yong zhao ming she ji@f谢秀颖, 孙晓红, 王克河等编著@g山东照明学会组编 |
| 210 | @a北京@c机械工业出版社@d2011.01 | |
| 215 | @a420页@c图@d26cm | |
| 320 | @a有书目 | |
| 330 | @a本书以“照明设计师国家职业标准 ”和“照明设计师职业培训大纲”所要求的知识和技能为主要内容 | |
| 333 | @a既可以作为必备的工具用书,也可以作为照明设计师职业培训教材。 | |
| 586 | @a | |
| 606 | 0 | @a建筑@Ajian zhu@x照明设计 |
| 690 | @aTU113.6@v5 | |
| 701 | 0 | @a谢秀颖@Axie xiu ying@4编著 |
| 701 | 0 | @a孙晓红@Asun xiao hong@4编著 |
| 701 | 0 | @a王克河@Awang ke he@4编著 |
| 801 | 0 | @aCN@c20110610 |
| 905 | @dTU113.6@eX470@f3 | |
| 实用照明设计/谢秀颖, 孙晓红, 王克河等编著/山东照明学会组编.-北京:机械工业出版社,2011.01 |
| 420页:图;26cm |
| 使用对象:既可以作为必备的工具用书,也可以作为照明设计师职业培训教材。 |
| ISBN 978-7-111-31762-3:CNY77.80 |
| 本书以“照明设计师国家职业标准 ”和“照明设计师职业培训大纲”所要求的知识和技能为主要内容 |
| ● |
| 相关链接 |
|
|
|
正题名:实用照明设计
索取号:TU113.6/X470
 
预约/预借
| 序号 | 登录号 | 条形码 | 馆藏地/架位号 | 状态 | 备注 |
| 1 | 886959 | 208869599 | 建筑库101/101建筑库 26排1列1层/ [索取号:TU113.6/X470] | 在馆 | |
| 2 | 886960 | 208869606 | 建筑库101/101建筑库 26排1列1层/ [索取号:TU113.6/X470] | 在馆 | |
| 3 | 886961 | 208869615 | 建筑库101/101建筑库 26排1列1层/ [索取号:TU113.6/X470] | 在馆 |